000 00840 a2200253 4500
999 _c532312
_d532312
003 Nust
005 20191118104052.0
010 _a 79027493
020 _a0574212256 :
038 _aMSOHAIL
040 _cNust
082 0 0 _a004.22
245 0 0 _aIntroduction to computer architecture /
_cHarold S. Stone, editor ; Tien Chi Chen ... [et al.].
250 _a2d ed.
260 _aChicago :
_bScience Research Associates,
_cc1980.
300 _a673 p. :
_bill. ;
_c24 cm.
440 4 _aThe SRA computer science series
_925749
505 _aPart I: Basic Computer Architecture (Page-3) Part II:Advanced Topics (Page-319 )Six Chapter
538 _aAlmirah No. 3 and Shelf No. 1
650 0 _aComputer architecture.
_93070
700 1 _aChen, Tien Chi,
_d1928-
_925750
700 1 _aStone, Harold S.,
_d1938-
_925751
942 _2ddc
_cBK